000 00260nam a2200097Ia 4500
001 644242
005 20250826153601.0
008 250824s9999 xx 000 0 und d
245 0 _aDEMİR MASKE GENÇLİK KLASİKLERİ
_cALEXANDRE DUMAS
260 _bTİMAŞ ÇOCUK
999 _c644242
_d644242